BIBLIOTECA PODER JUDICIAL
Portal Judicial TDF

Balance, consolidación y desafíos del proceso de restricción a la capacidad : (Registro nro. 5849)

000 -LEADER
fixed length control field 01176nab a22002177a 4500
003 - CONTROL NUMBER IDENTIFIER
control field OSt
005 - DATE AND TIME OF LATEST TRANSACTION
control field 20260108214537.0
008 - FIXED-LENGTH DATA ELEMENTS--GENERAL INFORMATION
fixed length control field 190514b xxu||||| |||| 00| 0 spa d
040 ## - CATALOGING SOURCE
Transcribing agency PJ
100 ## - MAIN ENTRY--PERSONAL NAME
9 (RLIN) 6721
Personal name Sarquis, Lorena
245 10 - TITLE STATEMENT
Title Balance, consolidación y desafíos del proceso de restricción a la capacidad :
Remainder of title la figura de los apoyos /
Statement of responsibility, etc Lorena Sarquis, Luz M. Pagano.
300 ## - PHYSICAL DESCRIPTION
Extent p. 25-40
505 ## - FORMATTED CONTENTS NOTE
Formatted contents note Sumario: I. Introducción.— II. Un breve repaso de los estándares convencionales.— III. Sobre los procesos de restricción a la capacidad en el Cód. Civ. y Com.— IV. Sobre ciertos avances que se leen en la jurisprudencia actual en términos de consolidación.— V. Acerca de los desafíos que se avizoran en el horizonte.— VI. A modo de balance.
505 ## - FORMATTED CONTENTS NOTE
Title Si te interesa el texto, comunicate a koha@justierradelfuego.gov.ar
650 #0 - SUBJECT ADDED ENTRY--TOPICAL TERM
9 (RLIN) 1497
Topical term or geographic name as entry element CODIGO CIVIL Y COMERCIAL
650 #0 - SUBJECT ADDED ENTRY--TOPICAL TERM
9 (RLIN) 967
Topical term or geographic name as entry element DERECHO DE FAMILIA
650 #0 - SUBJECT ADDED ENTRY--TOPICAL TERM
9 (RLIN) 3926
Topical term or geographic name as entry element RESTRICCIONES A LA CAPACIDAD
700 ## - ADDED ENTRY--PERSONAL NAME
9 (RLIN) 1002
Personal name Pagano, Luz María
Función coautor
773 0# - HOST ITEM ENTRY
Host Biblionumber 2844
Host Itemnumber 3222
Place, publisher, and date of publication Buenos Aires : AbeledoPerrot, 1989-
Title Derecho de familia. N° 120 - Julio 2025
International Standard Book Number 18511201
942 ## - ADDED ENTRY ELEMENTS (KOHA)
Source of classification or shelving scheme
Koha item type Analítica Artículo de Revista

No hay ítems disponibles.

12 de Octubre 789 Ushuaia - Tel:  54(02901)441571
Horario de Atención: 8.00 a 17.00 hs. 
bibliotecaush@justierradelfuego.gov.ar
koha@justierradelfuego.gov.ar
Seguinos en nuestras redes @bibliojustdf 

Con tecnología Koha